Amérique Centrale: geopolitique et révolution

שמור ב:
מידע ביבליוגרפי
מחבר תאגידי: Agence Latino-Américaine d'Information
פורמט: Texto
יצא לאור: Montréal: ALAI
תגים: הוספת תג
אין תגיות, היה/י הראשונ/ה לתייג את הרשומה!

MARC

LEADER 00000 a a2200000 04500
001 23647
003
040
090 |a 163900  
110 |a Agence Latino-Américaine d'Information  
245 |a Amérique Centrale: geopolitique et révolution  
260 |a Montréal:   |b ALAI  
300 |a 33 p.  
999 |c 6385  |d 6385